[Event "AUTO-MASTER-619"]
[Site "http://www.queenalice.com/game.php?id=468075"]
[Date "2008.9.24"]
[Round "1"]
[White "egotistic"]
[Black "jiujitsubr"]
[Result "0-1"]
[WhiteElo "1700"]
[BlackElo "1879"]

1. d3 g6 2. c4 Bg7 3. Nf3 d6 4. Nc3 Nf6 5. g3 O-O 6. Bg2 Nbd7 7. O-O c6 8. Qc2
Qc7 9. Bg5 e5 10. Rad1 a5 11. a4 Nh5 12. e4 Nc5 13. b3 f5 14. Be3 fxe4 15. dxe4
Nf6 16. Nd2 Bg4 17. f3 Bd7 18. h4 Nh5 19. g4 Nf4 20. Kh2 Nxg2 21. Kxg2 Qd8 0-1

[Event "AUTO-MASTER-619"]
[Site "http://www.queenalice.com/game.php?id=468086"]
[Date "2008.9.24"]
[Round "1"]
[White "sidbis"]
[Black "egotistic"]
[Result "1-0"]
[WhiteElo "2127"]
[BlackElo "1966"]

1. Nf3 e6 2. g3 Nc6 3. c4 Nf6 4. Bg2 a5 5. O-O Be7 6. d4 d5 7. Nc3 O-O 8. Ne5 h6
9. e4 dxe4 10. Nxc6 bxc6 11. Nxe4 Bb7 12. Nc3 Qb8 13. Qa4 Rd8 14. Rd1 c5 15. d5
e5 16. Qc2 Qc8 17. b3 c6 18. Bb2 Bd6 19. Qe2 Rb8 20. Rac1 Qc7 21. Rd2 cxd5 22.
Nb5 1-0

[Event "AUTO-MASTER-619"]
[Site "http://www.queenalice.com/game.php?id=468087"]
[Date "2008.9.24"]
[Round "1"]
[White "egotistic"]
[Black "sidbis"]
[Result "0-1"]
[WhiteElo "1848"]
[BlackElo "2184"]

1. d4 d5 2. Bf4 Nf6 3. Nf3 c5 4. e3 Nc6 5. Nbd2 Qb6 6. Rb1 cxd4 7. exd4 Nxd4 8.
Bd3 Ne6 9. Bg3 Nc5 10. Nb3 Qb4+ 11. Nfd2 Nxd3+ 12. cxd3 Bg4 13. f3 Bf5 14. Nc1
e6 15. O-O Bc5+ 16. Kh1 O-O 17. a3 Qb5 18. b4 Bb6 19. Ndb3 Rac8 20. Bd6 Rfe8 21.
Be5 Nd7 22. f4 Nxe5 23. fxe5 d4 24. Rf2 Qxe5 25. Qe2 Qd6 26. Rb2 Bc7 27. g3 Qd8
0-1

[Event "AUTO-MASTER-619"]
[Site "http://www.queenalice.com/game.php?id=468094"]
[Date "2008.9.24"]
[Round "1"]
[White "egotistic"]
[Black "anandya"]
[Result "0-1"]
[WhiteElo "1827"]
[BlackElo "1930"]

1. e4 e5 2. Nf3 Nc6 3. Bc4 h6 4. O-O Bd6 5. d4 exd4 6. Nxd4 Nf6 7. Nc3 Ne5 8.
Be2 c6 9. Nf5 Bf8 10. Bf4 d6 11. f3 Bxf5 12. exf5 Be7 13. Ne4 Qc7 14. c4 d5 15.
Nxf6+ Bxf6 16. Qb3 O-O 17. cxd5 Qe7 0-1

[Event "AUTO-MASTER-619"]
[Site "http://www.queenalice.com/game.php?id=468095"]
[Date "2008.9.24"]
[Round "1"]
[White "anandya"]
[Black "egotistic"]
[Result "1-0"]
[WhiteElo "1942"]
[BlackElo "1815"]

1. e4 c5 2. Bc4 e6 3. Nf3 Nc6 4. c3 d5 5. exd5 exd5 6. Qe2+ Be6 7. Bb5 Nf6 8. d3
Be7 9. Ne5 Rc8 10. Bxc6+ bxc6 11. h3 h6 12. Be3 d4 13. Bd2 Qc7 14. cxd4 cxd4 15.
Bf4 Nd5 16. Bg3 Qa5+ 17. Nd2 O-O 18. O-O 1-0

[Event "AUTO-MASTER-621"]
[Site "http://www.queenalice.com/game.php?id=469091"]
[Date "2008.9.27"]
[Round "1"]
[White "limenho"]
[Black "egotistic"]
[Result "1-0"]
[WhiteElo "2057"]
[BlackElo "1712"]

1. e4 c5 2. Nf3 e6 3. d4 Nf6 4. e5 Nd5 5. c4 Nb6 6. d5 d6 7. Nc3 h6 8. Be2 exd5
9. Nxd5 Nxd5 10. Qxd5 Nc6 11. exd6 Qxd6 12. Qe4+ Be6 13. Bf4 Qd8 14. O-O Be7 15.
Rad1 Qb6 16. b3 Rd8 17. Rxd8+ Nxd8 18. Be5 O-O 19. Bd3 f5 20. Qf4 Qc6 21. Bc3
Bd6 22. Qh4 1-0

[Event "AUTO-MASTER-621"]
[Site "http://www.queenalice.com/game.php?id=469092"]
[Date "2008.9.27"]
[Round "1"]
[White "egotistic"]
[Black "limenho"]
[Result "0-1"]
[WhiteElo "1878"]
[BlackElo "2052"]

1. f3 d5 2. e4 e5 3. b3 Nf6 4. g3 dxe4 5. Bb2 Bd6 6. Bg2 exf3 7. Nxf3 Nc6 8. Nc3
O-O 9. O-O Bg4 10. Qe1 Qd7 11. d3 Rae8 12. Kh1 Nd4 13. Qd2 Nf5 14. Rae1 c6 15.
Ne4 Nxe4 16. Rxe4 Nd4 17. Nxd4 f5 18. Nxf5 Bxf5 19. Ree1 Bh3 20. Rxf8+ Rxf8 0-1

[Event "AUTO-MASTER-621"]
[Site "http://www.queenalice.com/game.php?id=469107"]
[Date "2008.9.27"]
[Round "1"]
[White "egotistic"]
[Black "kasparosaure"]
[Result "0-1"]
[WhiteElo "1734"]
[BlackElo "2031"]

1. e3 f5 2. d4 Nf6 3. Bd3 d6 4. Nf3 g6 5. Nbd2 Bg7 6. O-O O-O 7. c4 c6 8. Rb1
Qc7 9. h3 e5 10. dxe5 dxe5 11. e4 f4 12. Re1 Rd8 0-1

[Event "AUTO-MASTER-621"]
[Site "http://www.queenalice.com/game.php?id=469108"]
[Date "2008.9.27"]
[Round "1"]
[White "kasparosaure"]
[Black "egotistic"]
[Result "1-0"]
[WhiteElo "2027"]
[BlackElo "1738"]

1. c4 e5 2. Nc3 Nf6 3. g3 Bc5 4. Bg2 c6 5. e4 Na6 6. Nge2 d6 7. h3 Be6 8. d3 O-O
9. O-O Qd7 10. Kh2 Nc7 11. Bg5 Nce8 12. f4 exf4 13. Nxf4 1-0

[Event "AUTO-MASTER-622"]
[Site "http://www.queenalice.com/game.php?id=469555"]
[Date "2008.9.28"]
[Round "1"]
[White "luizantoniosetti"]
[Black "egotistic"]
[Result "1-0"]
[WhiteElo "2135"]
[BlackElo "1721"]

1. c4 g6 2. Nc3 Bg7 3. g3 c5 4. Bg2 Nc6 5. Nf3 Nf6 6. O-O O-O 7. b3 d6 8. Bb2
Bf5 9. d4 Rc8 10. d5 Nb4 11. a3 1-0

[Event "AUTO-MASTER-622"]
[Site "http://www.queenalice.com/game.php?id=469556"]
[Date "2008.9.28"]
[Round "1"]
[White "egotistic"]
[Black "luizantoniosetti"]
[Result "0-1"]
[WhiteElo "1723"]
[BlackElo "2134"]

1. c3 d5 2. d4 e6 3. Nf3 c5 4. Bf4 Nf6 5. a3 Nc6 6. e3 Qb6 7. Qc1 Be7 8. Bd3 O-O
9. Nbd2 Nh5 10. Bg3 Nxg3 0-1

[Event "AUTO-MASTER-622"]
[Site "http://www.queenalice.com/game.php?id=469567"]
[Date "2008.9.28"]
[Round "1"]
[White "beckhamf2000"]
[Black "egotistic"]
[Result "1-0"]
[WhiteElo "2213"]
[BlackElo "1850"]

1. e4 e5 2. Nf3 Nc6 3. Bb5 d6 4. d4 exd4 5. Nxd4 Ne7 6. O-O Bd7 7. Nc3 a6 8. Ba4
g6 9. Bg5 Bg7 10. Nd5 Bxd4 11. Qxd4 1-0

[Event "AUTO-MASTER-622"]
[Site "http://www.queenalice.com/game.php?id=469568"]
[Date "2008.9.28"]
[Round "1"]
[White "egotistic"]
[Black "beckhamf2000"]
[Result "0-1"]
[WhiteElo "1767"]
[BlackElo "2214"]

1. e4 c5 2. Nf3 Nc6 3. Nc3 e5 4. Bc4 Be7 5. O-O Nf6 6. d3 d6 7. h3 O-O 8. Be3
Qc7 9. a4 Bd7 10. Nb5 Qb6 11. b3 a6 0-1

[Event "AUTO-MASTER-622"]
[Site "http://www.queenalice.com/game.php?id=469573"]
[Date "2008.9.28"]
[Round "1"]
[White "alan_enxadrista"]
[Black "egotistic"]
[Result "1-0"]
[WhiteElo "2047"]
[BlackElo "1840"]

1. e4 c5 2. Nf3 d6 3. Bb5+ Nd7 4. d3 a6 5. Bc4 Ngf6 6. Nc3 h6 7. O-O e6 8. Bd2
b5 9. Bb3 Be7 10. a3 Bb7 11. Qe1 1-0

[Event "AUTO-MASTER-622"]
[Site "http://www.queenalice.com/game.php?id=469574"]
[Date "2008.9.28"]
[Round "1"]
[White "egotistic"]
[Black "alan_enxadrista"]
[Result "0-1"]
[WhiteElo "1848"]
[BlackElo "2039"]

1. g3 Nc6 2. Bg2 Nf6 3. d4 e6 4. Bg5 d5 5. e3 h6 6. Bxf6 Qxf6 7. Ne2 Qd8 8. O-O
Be7 9. Nd2 Bd7 10. a3 Bd6 0-1

[Event "AUTO-MASTER-623"]
[Site "http://www.queenalice.com/game.php?id=470393"]
[Date "2008.9.29"]
[Round "1"]
[White "egotistic"]
[Black "enzoiazo"]
[Result "0-1"]
[WhiteElo "1774"]
[BlackElo "2309"]

1. Nf3 Nf6 2. d4 d6 3. Nc3 Nbd7 4. e4 e5 5. Bg5 c6 6. h3 Be7 7. Bc4 O-O 8. O-O
b5 9. Bd3 a5 10. a3 Bb7 11. Re1 b4 12. Ne2 c5 13. c3 Nxe4 14. Be3 cxd4 0-1

[Event "AUTO-MASTER-623"]
[Site "http://www.queenalice.com/game.php?id=470394"]
[Date "2008.9.29"]
[Round "1"]
[White "enzoiazo"]
[Black "egotistic"]
[Result "1-0"]
[WhiteElo "2304"]
[BlackElo "1914"]

1. d4 Nf6 2. Nf3 d5 3. Bf4 h6 4. e3 Nc6 5. h3 a6 6. Nbd2 Bf5 7. a3 e6 8. Bd3 Be7
9. O-O O-O 10. Bxf5 exf5 11. c4 Ne4 12. cxd5 Qxd5 13. Bxc7 f6 14. Qb3 Qxb3 15.
Nxb3 1-0

[Event "AUTO-MASTER-623"]
[Site "http://www.queenalice.com/game.php?id=470395"]
[Date "2008.9.29"]
[Round "1"]
[White "egotistic"]
[Black "Ribar"]
[Result "0-1"]
[WhiteElo "1924"]
[BlackElo "2072"]

1. f4 e5 2. fxe5 Nc6 3. g3 Nxe5 4. Bg2 d5 5. Nf3 Nxf3+ 6. Bxf3 c5 7. c4 d4 8. d3
Nf6 9. Bg5 Be7 10. Nd2 O-O 11. O-O Bh3 12. Re1 h6 13. Bxf6 Bxf6 14. Ne4 Be7 15.
Nf2 Bf5 16. e4 dxe3 17. Rxe3 Bg5 0-1

[Event "AUTO-MASTER-623"]
[Site "http://www.queenalice.com/game.php?id=470396"]
[Date "2008.9.29"]
[Round "1"]
[White "Ribar"]
[Black "egotistic"]
[Result "1-0"]
[WhiteElo "2061"]
[BlackElo "1935"]

1. c4 e5 2. Nf3 Nc6 3. Nc3 Nf6 4. g3 Bc5 5. d3 h6 6. Bg2 d6 7. O-O O-O 8. e3 Bf5
9. a3 a6 10. Qc2 Rb8 11. e4 Be6 12. b4 Ba7 13. Be3 Bxe3 14. fxe3 Ng4 15. Qe2 f5
16. exf5 Bxf5 17. Nh4 Qg5 18. Nxf5 1-0